「原」がつく駅名 - Statistics

General Stats
  • This quiz has been taken 42 times
  • The average score is 98 of 288
Answer Stats
Hint Answer % Correct
東海道新幹線東海道本線 小田急小田原線 箱根登山鉄道 伊豆箱根鉄道大雄山線 小田原
100%
名古屋市営地下鉄鶴舞線 | 東海道本線 | 琴電志度線
96%
アストラムライン | 外房線いすみ鉄道 | 智頭急行 大原
89%
東海道新幹線北陸本線 東海道本線 近江鉄道本線 米原
85%
中央・総武緩行線山手線 京浜東北線 東京メトロ日比谷線 つくばエクスプレス 秋葉原
85%
山手線 原宿
85%
山陽新幹線山陽本線 呉線 三原
81%
東北新幹線東北本線 那須塩原
81%
天竜浜名湖鉄道 | 鹿児島本線筑豊本線 原田
81%
常磐線 原ノ町
78%
南武線京王線 分倍河原
78%
上越新幹線 上毛高原
74%
北陸新幹線ハピラインふくい線 芦原温泉
74%
高崎線 宮原
74%
高崎線 籠原
74%
成田線鹿島線 佐原
74%
豊橋鉄道渥美線 芦原
74%
南武線 武蔵中原
70%
東京メトロ東西線 原木中山
70%
伊豆箱根鉄道駿豆線 原木
70%
北条鉄道 田原
70%
東北新幹線 くりこま高原
67%
東京メトロ千代田線小田急小田原線 代々木上原
67%
東海道本線岳南電車 吉原
63%
長崎本線 中原
63%
西武有楽町線東京メトロ有楽町線 東京メトロ副都心線 小竹向原
63%
高崎線 神保原
59%
横浜線 相模原
59%
横浜線 相原
59%
東海道本線 | 福知山線 | 関西本線近鉄道明寺線 柏原
59%
アストラムライン | 牟岐線 西原
59%
えちぜん鉄道三国芦原線福井鉄道福武線 | 東京メトロ銀座線 田原町
59%
外房線 茂原
56%
吾妻線 長野原草津口
56%
東海道本線天竜浜名湖鉄道 新所原
56%
湖西線 永原
56%
日豊本線 新田原
56%
吉都線 高原
56%
東武鬼怒川線野岩鉄道 新藤原
56%
相模線 原当麻
52%
因美線 河原
52%
篠栗線香椎線 長者原
52%
大村線 | 東急世田谷線 松原
52%
大阪メトロ谷町線 | 東急池上線 長原
52%
近鉄橿原線 田原本
52%
阪急京都本線 京都河原町
52%
会津鉄道野岩鉄道 会津高原尾瀬口
52%
しなの鉄道北しなの線妙高はねうまライン 妙高高原
52%
東北本線 豊原
48%
南武線 向河原
48%
仙石線 陸前原ノ町
48%
関西本線伊勢鉄道 河原田
48%
山陰本線 | 秩父鉄道 石原
48%
大阪環状線 芦原橋
48%
筑肥線 筑前前原
48%
東京メトロ南北線 西ケ原
48%
近鉄橿原線近鉄南大阪線 近鉄吉野線 橿原神宮前
48%
井原鉄道 | 豊橋鉄道東田本線 井原
48%
島原鉄道 島原
48%
南武線 宿河原
44%
外房線 新茂原
44%
中央本線 原野
44%
津山線 小原
44%
呉線 竹原
44%
相鉄いずみ野線 南万騎が原
44%
名鉄各務原線 名電各務原
44%
近鉄大阪線 榛原
44%
近鉄田原本線 西田原本
44%
近鉄南大阪線 河内松原
44%
西鉄天神大牟田線 春日原
44%
仙台市営地下鉄南北線 | 熊本市電 河原町
44%
石北本線 生田原
41%
東北本線 | 関西本線 大河原
41%
東海道本線 蒲原
41%
とさでん交通後免線 | 愛知環状鉄道 | 東海道本線 篠原
41%
山陰本線 江原
41%
京王線 中河原
41%
東急大井町線 荏原町
41%
東急池上線 荏原中延
41%
小田急小田原線 伊勢原
41%
近鉄京都線 高の原
41%
北総鉄道北総線 印西牧の原
41%
伊豆箱根鉄道大雄山線 岩原
41%
外房線 鵜原
37%
東海道本線 新蒲原
37%
伯備線芸備線 布原
37%
芸備線 備後庄原
37%
鹿児島本線 田原坂
37%
筑肥線 虹ノ松原
37%
京成松戸線 前原
37%
小田急小田原線 小田急相模原
37%
名鉄各務原線 各務原市役所前
37%
近鉄道明寺線 柏原南口
37%
ニューシャトル 原市
37%
伊豆急行線 伊豆高原
37%
豊橋鉄道渥美線 三河田原
37%
三岐鉄道三岐線 西藤原
37%
釧網本線 釧路湿原
33%
東海道本線 湯河原
33%
常磐線 内原
33%
中央本線 上野原
33%
吾妻線 群馬原町
33%
吾妻線 川原湯温泉
33%
水戸線 福原
33%
仙山線 面白山高原
33%
高山本線 各務ケ原
33%
芸備線 | 都電荒川線 向原
33%
芸備線 井原市
33%
山口線 日原
33%
鹿児島本線 笹原
33%
京王井の頭線 東松原
33%
近鉄大阪線 榊原温泉口
33%
南海汐見橋線 芦原町
33%
いすみ鉄道 西大原
33%
上毛電鉄 北原
33%
三岐鉄道三岐線 東藤原
33%
島原鉄道 島原港
33%
内房線 南三原
30%
上越線 八木原
30%
上越線 岩原スキー場前
30%
飯山線 森宮野原
30%
仙石線 宮城野原
30%
東海道本線 関ケ原
30%
中央本線 須原
30%
高山本線 蘇原
30%
草津線 手原
30%
篠栗線 原町
30%
名鉄尾西線 | 筑豊電気鉄道 萩原
30%
名鉄小牧線 小牧原
30%
近鉄南大阪線 橿原神宮西口
30%
近鉄山田線 伊勢中原
30%
近鉄名古屋線 川原町
30%
西鉄天神大牟田線 白木原
30%
都電荒川線 梶原
30%
万葉線 | 琴電琴平線琴電長尾線 片原町
30%
岳南電車 吉原本町
30%
三岐鉄道北勢線 楚原
30%
大阪モノレール本線 柴原阪大前
30%
南阿蘇鉄道 南阿蘇水の生まれる里白水高原
30%
釧網本線 原生花園
26%
東北本線 黒田原
26%
東北本線 六原
26%
常磐線 磯原
26%
篠ノ井線 聖高原
26%
羽越本線 水原
26%
山陰本線 荘原
26%
山陽本線 はりま勝原
26%
香椎線 新原
26%
豊肥本線 原水
26%
東急池上線 久が原
26%
名鉄蒲郡線 形原
26%
近鉄湯の山線 中川原
26%
青い森鉄道 小川原
26%
都電荒川線 西ヶ原四丁目
26%
ニューシャトル 東宮原
26%
野岩鉄道 上三依塩原温泉口
26%
野岩鉄道 男鹿高原
26%
しなの鉄道線 平原
26%
函館本線 渡島砂原
22%
八高線 折原
22%
予讃線 | 北上線 | 長野電鉄長野線 柳原
22%
北上線 ゆだ高原
22%
花輪線 安比高原
22%
五能線 五所川原
22%
飯田線 三河槙原
22%
高山本線 杉原
22%
名松線 伊勢竹原
22%
越美北線 勝原
22%
関西本線 島ケ原
22%
山陽本線 西川原
22%
山口線 青原
22%
日豊本線 佐土原
22%
日田彦山線 石原町
22%
南海本線 鶴原
22%
南海本線 井原里
22%
弘南鉄道大鰐線 宿川原
22%
津軽鉄道 津軽五所川原
22%
仙台市営地下鉄南北線 台原
22%
阿武隈急行線 保原
22%
いすみ鉄道 久我原
22%
岳南電車 本吉原
22%
叡山電鉄鞍馬線 市原
22%
伊予鉄道横河原線 横河原
22%
室蘭本線 北吉原
19%
札沼線 百合が原
19%
東北本線 清水原
19%
越後線 | 長野電鉄長野線 桐原
19%
山田線 花原市
19%
中央本線 薮原
19%
高山本線 飛騨萩原
19%
高山本線 楡原
19%
紀勢本線 紀伊田原
19%
紀勢本線 稲原
19%
紀勢本線 紀伊内原
19%
木次線 三井野原
19%
鹿児島本線 陣原
19%
南海高野線 萩原天神
19%
関東鉄道常総線 寺原
19%
上田電鉄別所線 上田原
19%
長良川鉄道 洲原
19%
岳南電車 岳南原田
19%
井原鉄道 早雲の里荏原
19%
水郡線 谷河原
15%
只見線 会津桧原
15%
飯田線 高遠原
15%
紀勢本線 栃原
15%
加古川線 青野ケ原
15%
姫新線 楢原
15%
予讃線 向井原
15%
日南線 榎原
15%
近鉄名古屋線 川越富洲原
15%
いわて銀河鉄道 奥中山高原
15%
阿武隈急行線 上保原
15%
秩父鉄道 大野原
15%
えちぜん鉄道三国芦原線 鷲塚針原
15%
長良川鉄道 白鳥高原
15%
吾妻線 郷原
11%
小海線 松原湖
11%
磐越西線 東長原
11%
紀勢本線 紀伊宮原
11%
宇野線 久々原
11%
山口線 東青原
11%
日豊本線 餅原
11%
久大本線 向之原
11%
西鉄天神大牟田線 櫛原
11%
西鉄貝塚線 唐の原
11%
ニューシャトル 吉野原
11%
上信電鉄 神農原
11%
富山地方鉄道本線 越中荏原
11%
樽見鉄道 木知原
11%
伊豆箱根鉄道大雄山線 塚原
11%
伊豆箱根鉄道大雄山線 和田河原
11%
智頭急行 河野原円心
11%
広島電鉄皆実線 段原一丁目
11%
島原鉄道 島原船津
11%
只見線 越後須原
7%
紀勢本線 滝原
7%
越美北線 牛ケ原
7%
姫新線 富原
7%
津山線 備前原
7%
土讃線 土佐岩原
7%
篠栗線 九郎原
7%
香椎線 舞松原
7%
筑肥線 金石原
7%
名鉄三河線 重原
7%
長野電鉄長野線 信濃竹原
7%
広島電鉄本線 原爆ドーム前
7%
長崎電気軌道 原爆資料館
7%
水郡線 野上原
4%
呉線 川原石
4%
山口線 矢原
4%
美祢線 四郎ケ原
4%
日豊本線 大隈大川原
4%
吉都線 広原
4%
わたらせ渓谷鐵道 原向
4%
富山地方鉄道富山港線 城川原
4%
富山地方鉄道富山軌道線 諏訪川原
4%
えちぜん鉄道勝山永平寺線 越前竹原
4%
天竜浜名湖鉄道 原谷
4%
愛知環状鉄道 末野原
4%
松浦鉄道 久原
4%
真岡鐵道 笹原田
0%
宇都宮芳賀ライトレール線 清原地区市民センター前
0%
樽見鉄道 鍋原
0%
平成筑豊鉄道田川線 油須原
0%
No matching quizzes found
Score Distribution
Percent of People with Each Score
Percentile by Number Answered
Your Score History
You have not taken this quiz